|
|
|
|
| LEADER |
00619nta a2200169 i 4500 |
| 001 |
dipl82450 |
| 005 |
20200623094449.0 |
| 008 |
200429s1971 hu om 0|| zxx d |
| 040 |
|
|
|a SZTE Diploma Repozitórium
|b hun
|
| 041 |
|
|
|a zxx
|
| 100 |
1 |
|
|a Belea Éva
|
| 245 |
1 |
0 |
|a Búzanemesítésünk legújabb eredményei, különös tekintettel a Nagy-Alföld viszonyaira
|h [elektronikus dokumentum] /
|c Éva Belea
|
| 260 |
|
|
|c 1971
|
| 650 |
|
4 |
|a Pedagógusképzés
|
| 650 |
|
4 |
|a Biological sciences
|
| 700 |
1 |
|
|a nincs megadva
|e ths
|
| 856 |
4 |
0 |
|u http://diploma.bibl.u-szeged.hu/id/eprint/82450/1/itt_1244_1971_bekea_eva.pdf
|z Dokumentum-elérés
|